000 00902nam a22002777a 4500
003 DO-SdBNP
005 20220315093211.0
007 ta
008 210903e2018 dr a|||er|||| 001 e spa d
020 _a9789945091359
040 _aDO-SdBNP
_bspa
_cBPMSU
082 4 _a398.9
_bB742J 1998
_222
100 1 _aJáquez Gil, René,
_d1950-
245 1 0 _aMáximas y aforismos de Juan Bosch /
_c René Jáquez Gil; ilustraciones Geo Ripley
260 _aSanto Domingo :
_bSoto Castillo,
_c1998
300 _a197 p.:
_bil.;
_ccm
500 _aIncluye datos biográficos del autor en la solapa de la cubierta
504 _aBibliografía: p. 175-197
590 _aInventariado 2022/VM
600 1 0 _a Bosch, Juan,
_d1909-2001
_vCitas, máximas, etc.
650 4 _aMáximas
650 4 _aAforismos y apotegmas
700 1 2 _a Repley, Geo
_d1954-
_efotografía
910 _aVMateo V.
942 _2ddc
_cBK
999 _c14076
_d14076